Catálogo

Lineamientos del derecho comercial-empresarial / (Registro nro. 46034)

Detalles MARC
000 -LEADER
fixed length control field 00762nam a2200229 a 4500
001 - CONTROL NUMBER
control field 46034
005 - DATE AND TIME OF LATEST TRANSACTION
control field 20180714025440.0
008 - FIXED-LENGTH DATA ELEMENTS--GENERAL INFORMATION
fixed length control field 140415s2012 mx a r 000 0 spa d
020 ## - INTERNATIONAL STANDARD BOOK NUMBER
International Standard Book Number 9786077799917
041 0# - LANGUAGE CODE
Language code of text/sound track or separate title spa
082 0# - DEWEY DECIMAL CLASSIFICATION NUMBER
Classification number 346.0706
Item number ARE
100 1# - MAIN ENTRY--PERSONAL NAME
Personal name Arellano Rabiela, Sergio C.,
Relator term autor
245 10 - TITLE STATEMENT
Title Lineamientos del derecho comercial-empresarial /
Statement of responsibility, etc. Sergio Arellano Rabiela.
250 ## - EDITION STATEMENT
Edition statement [Primera edición]
264 #1 - PRODUCTION, PUBLICATION, DISTRIBUTION, MANUFACTURE, AND COPYRIGHT NOTICE
Place of production, publication, distribution, manufacture México :
Name of producer, publisher, distributor, manufacturer Flores Editor y Distribuidor,
Date of production, publication, distribution, manufacture, or copyright notice 2012
300 ## - PHYSICAL DESCRIPTION
Extent 156 páginas :
Other physical details ilustraciones ;
Dimensions 21 cm.
336 ## - CONTENT TYPE
Content type term texto
Source rdacontent
337 ## - MEDIA TYPE
Media type term sin mediación
Source rdamedia
338 ## - CARRIER TYPE
Carrier type term volumen
Source rdacarrier
650 #4 - SUBJECT ADDED ENTRY--TOPICAL TERM
Topical term or geographic name entry element Derecho comercial
General subdivision Legislación
650 #4 - SUBJECT ADDED ENTRY--TOPICAL TERM
Topical term or geographic name entry element Contratos comerciales
General subdivision Empresas
Existencias
Withdrawn status Lost status Source of classification or shelving scheme Damaged status Not for loan Collection code Home library Current library Shelving location Date acquired Source of acquisition Inventory number Total Checkouts Full call number Barcode Date last seen Price effective from Koha item type
    Dewey Decimal Classification     General Biblioteca Karol Wojtyla Biblioteca Karol Wojtyla Sala general 17/05/2016 Compra 151000000000000000045725   346.0706 ARE 2012 91740 05/01/2026 19/05/2016 Libro
    Dewey Decimal Classification     General Biblioteca Karol Wojtyla Biblioteca Karol Wojtyla Sala general 17/05/2016 Compra 151000000000000000045726   346.0706 ARE 2012 91738 05/01/2026 19/05/2016 Libro
    Dewey Decimal Classification     General Biblioteca Karol Wojtyla Biblioteca Karol Wojtyla Sala general 17/05/2016 Compra 151000000000000000045724   346.0706 ARE 2012 91739 05/01/2026 19/05/2016 Libro